[Event "Titled Tuesday intern op 11th Aug"]
[Site "Chess.com INT"]
[Date "2020.08.11"]
[Round "2"]
[White "Manu David, Suthandram R"]
[Black "Plunkett, Robert"]
[Result "1-0"]
[WhiteElo "2360"]
[BlackElo "2119"]
[PlyCount "59"]
[EventDate "2020.08.11"]
[EventType "swiss (blitz)"]
[EventRounds "10"]
[EventCountry "USA"]
[SourceTitle "CBM 197 Extra"]
[Source "ChessBase"]
[SourceDate "2020.09.30"]
[SourceVersion "1"]
[SourceVersionDate "2020.09.30"]
[SourceQuality "1"]

1. e4 c5 2. Nf3 d6 3. c3 Nf6 4. Bc4 e6 5. d3 Be7 6. Bb3 0-0 7. 0-0 Nc6 8. Re1 Rb8 9. d4 e5 10. h3 h6 11. Nbd2 Re8 12. Nf1 Bf8 13. Ng3 b5 14. Bd5 Qc7 15. a4 b4 16. Bd2 bxc3 17. bxc3 Nxd5 18. exd5 Na5 19. Rb1 Rxb1 20. Qxb1 Nc4 21. Bc1 cxd4 22. cxd4 Qb6 23. Qa2 Ba6 24. Ne4 f5 25. Ng3 e4 26. Nxf5 exf3 27. Rxe8 Qb4 28. Qc2 Qa5 29. Ne7+ Kf7 30. Qg6# 1-0

[Event "Titled Tuesday intern op 11th Aug"]
[Site "Chess.com INT"]
[Date "2020.08.11"]
[Round "10"]
[White "Musat, Adrian"]
[Black "Plunkett, Robert"]
[Result "0-1"]
[WhiteElo "2387"]
[BlackElo "2119"]
[PlyCount "56"]
[EventDate "2020.08.11"]
[EventType "swiss (blitz)"]
[EventRounds "10"]
[EventCountry "USA"]
[SourceTitle "CBM 197 Extra"]
[Source "ChessBase"]
[SourceDate "2020.09.30"]
[SourceVersion "1"]
[SourceVersionDate "2020.09.30"]
[SourceQuality "1"]

1. d4 d5 2. c4 e6 3. Nc3 Nf6 4. cxd5 exd5 5. Bg5 c6 6. e3 Be6 7. Bd3 Bd6 8. Qc2 Nbd7 9. Nf3 Qc7 10. 0-0 h6 11. Bh4 g5 12. Bg3 g4 13. Nd2 h5 14. Nb5 Bxg3 15. Nxc7+ Bxc7 16. e4 dxe4 17. Nxe4 0-0-0 18. Nxf6 Nxf6 19. Bf5 h4 20. Bxe6+ fxe6 21. Rfe1 g3 22. fxg3 hxg3 23. h3 Rxd4 24. Rxe6 Bb6 25. Kh1 Ng4 26. Rf1 Nf2+ 27. Qxf2 gxf2 28. Rxf2 Rd1+ 0-1

[Event "Titled Tuesday intern op 11th Aug"]
[Site "Chess.com INT"]
[Date "2020.08.11"]
[Round "9"]
[White "Roebers, Jan"]
[Black "Plunkett, Robert"]
[Result "0-1"]
[WhiteElo "2170"]
[BlackElo "2119"]
[PlyCount "72"]
[EventDate "2020.08.11"]
[EventType "swiss (blitz)"]
[EventRounds "10"]
[EventCountry "USA"]
[SourceTitle "CBM 197 Extra"]
[Source "ChessBase"]
[SourceDate "2020.09.30"]
[SourceVersion "1"]
[SourceVersionDate "2020.09.30"]
[SourceQuality "1"]

1. e4 c5 2. Nf3 d6 3. Nc3 Nf6 4. e5 dxe5 5. Nxe5 a6 6. a4 Nbd7 7. Nc4 e6 8. Be2 Be7 9. 0-0 0-0 10. b3 b6 11. Bf3 Rb8 12. Bb2 Bb7 13. Bxb7 Rxb7 14. Qf3 Qc7 15. d3 Rfb8 16. Rfe1 Nf8 17. Ne4 b5 18. axb5 axb5 19. Nxf6+ Bxf6 20. Bxf6 bxc4 21. Qg4 Ng6 22. h4 gxf6 23. h5 Qf4 24. Qxf4 Nxf4 25. dxc4 Nxh5 26. Ra5 Rc7 27. Rd1 Nf4 28. g3 Ne2+ 29. Kf1 Nd4 30. Rd2 f5 31. Kg2 e5 32. Ra6 e4 33. Ra5 Rb6 34. Ra8+ Kg7 35. Re8 Rh6 36. Re5 Nf3 0-1

[Event "Titled Tuesday intern op 11th Aug"]
[Site "Chess.com INT"]
[Date "2020.08.11"]
[Round "1"]
[White "Stany, George Anthony"]
[Black "Plunkett, Robert"]
[Result "1-0"]
[WhiteElo "2522"]
[BlackElo "2119"]
[PlyCount "81"]
[EventDate "2020.08.11"]
[EventType "swiss (blitz)"]
[EventRounds "10"]
[EventCountry "USA"]
[SourceTitle "CBM 197 Extra"]
[Source "ChessBase"]
[SourceDate "2020.09.30"]
[SourceVersion "1"]
[SourceVersionDate "2020.09.30"]
[SourceQuality "1"]

1. e4 c5 2. Nf3 d6 3. Bb5+ Bd7 4. Bxd7+ Qxd7 5. 0-0 Nc6 6. c3 d5 7. exd5 Qxd5 8. d4 e6 9. Qa4 Nf6 10. Na3 Qd7 11. dxc5 Bxc5 12. Rd1 Qe7 13. b4 Bxf2+ 14. Kxf2 Ne4+ 15. Kg1 Nxc3 16. Qb3 Nxd1 17. Bd2 0-0 18. Rxd1 Rfd8 19. Re1 Rac8 20. Bc3 Rd3 21. Qc4 Rcd8 22. Nc2 Rd1 23. Rxd1 Rxd1+ 24. Kf2 h6 25. Ne3 Rc1 26. Qb3 Qc7 27. Qb2 Rxc3 28. Qxc3 Qb6 29. a3 a5 30. bxa5 Qxa5 31. Qxa5 Nxa5 32. Ke2 Kf8 33. Kd3 f6 34. Nc4 Nxc4 35. Kxc4 Ke7 36. Kc5 e5 37. Kb6 e4 38. Ne1 Kd6 39. a4 f5 40. a5 f4 41. Kxb7 1-0

[Event "Titled Tuesday intern op 4th Aug 2pm"]
[Site "Chess.com INT"]
[Date "2020.08.04"]
[Round "2"]
[White "Plunkett, Robert"]
[Black "Jin, Ashton"]
[Result "0-1"]
[WhiteElo "2119"]
[BlackElo "2140"]
[PlyCount "134"]
[EventDate "2020.08.04"]
[EventType "swiss (blitz)"]
[EventRounds "10"]
[EventCountry "USA"]
[SourceTitle "CBM 197 Extra"]
[Source "ChessBase"]
[SourceDate "2020.09.30"]
[SourceVersion "1"]
[SourceVersionDate "2020.09.30"]
[SourceQuality "1"]

1. e4 e5 2. Nf3 Nc6 3. Bc4 Bc5 4. b4 Bxb4 5. c3 Ba5 6. d4 b5 7. Bxb5 Nxd4 8. Nxd4 exd4 9. Qxd4 Qf6 10. 0-0 Qxd4 11. cxd4 Bb6 12. Be3 Ne7 13. Nc3 0-0 14. a4 c6 15. Bd3 Ba5 16. Rac1 Rb8 17. Bf4 Rb3 18. Bd2 Ra3 19. Ra1 Rxc3 20. Bxc3 Bxc3 21. Rab1 Bxd4 22. Rfd1 Bb6 23. Bc4 Rd8 24. e5 Bc7 25. f4 d6 26. exd6 Rxd6 27. Rxd6 Bxd6 28. g3 Kf8 29. Kg2 Nf5 30. Kf3 Nd4+ 31. Ke3 c5 32. a5 Nc2+ 33. Kd2 Nb4 34. a6 Ke7 35. Re1+ Kf8 36. Bb5 Be7 37. Re5 Bxa6 38. Bxa6 Nxa6 39. Kd3 Ke8 40. Kc4 Kd7 41. Rd5+ Kc6 42. Rd1 Nc7 43. Ra1 a6 44. Re1 Bf6 45. Rd1 Bd4 46. Rb1 a5 47. Re1 a4 48. Rb1 a3 49. Kb3 Bb2 50. Ka2 Nb5 51. Kb3 Nd4+ 52. Ka2 Kb5 53. f5 Nxf5 54. g4 Nd4 55. g5 Kb4 56. g6 hxg6 57. h4 Nb5 58. Rxb2+ axb2 59. h5 gxh5 60. Kb1 h4 61. Kc2 h3 62. Kb1 h2 63. Kc2 h1Q 64. Kd3 Qd5+ 65. Kc2 Qc4+ 66. Kd2 Qc3+ 67. Ke2 b1Q 0-1

[Event "Titled Tuesday intern op 4th Aug 2pm"]
[Site "Chess.com INT"]
[Date "2020.08.04"]
[Round "3"]
[White "Plunkett, Robert"]
[Black "Ramirez M, Eugenia"]
[Result "0-1"]
[WhiteElo "2119"]
[BlackElo "2057"]
[PlyCount "78"]
[EventDate "2020.08.04"]
[EventType "swiss (blitz)"]
[EventRounds "10"]
[EventCountry "USA"]
[SourceTitle "CBM 197 Extra"]
[Source "ChessBase"]
[SourceDate "2020.09.30"]
[SourceVersion "1"]
[SourceVersionDate "2020.09.30"]
[SourceQuality "1"]

1. e4 e5 2. Nf3 Nc6 3. Bc4 Nf6 4. d4 exd4 5. 0-0 Nxe4 6. Nc3 d5 7. Nxd5 Be6 8. Re1 Bxd5 9. Bxd5 Qxd5 10. Ng5 0-0-0 11. Nxe4 f6 12. Ng3 Bb4 13. Bd2 Bxd2 14. Qxd2 Rhe8 15. Rxe8 Rxe8 16. Re1 Rxe1+ 17. Qxe1 Qe5 18. Qd2 Ne7 19. h3 c5 20. a4 b6 21. a5 Nc6 22. axb6 axb6 23. Qd3 Kb7 24. Qxh7 Qe1+ 25. Kh2 Qe7 26. h4 Nb4 27. Nf5 Qc7+ 28. g3 Nxc2 29. Nxg7 Nb4 30. Qe4+ Ka7 31. Ne6 Qe7 32. h5 d3 33. Nxc5 Qxc5 34. Qh7+ Ka6 35. h6 d2 36. Qg8 d1Q 37. Qa8+ Kb5 38. Qe8+ Qc6 39. Qg6 Qdh1# 0-1

[Event "Titled Tuesday intern op 4th Aug 10am"]
[Site "Chess.com INT"]
[Date "2020.08.04"]
[Round "6"]
[White "Plunkett, Robert"]
[Black "Swati, Mohota"]
[Result "1-0"]
[WhiteElo "2119"]
[BlackElo "2027"]
[PlyCount "125"]
[EventDate "2020.08.04"]
[EventType "swiss (blitz)"]
[EventRounds "10"]
[EventCountry "USA"]
[SourceTitle "CBM 197 Extra"]
[Source "ChessBase"]
[SourceDate "2020.09.30"]
[SourceVersion "1"]
[SourceVersionDate "2020.09.30"]
[SourceQuality "1"]

1. e4 d5 2. exd5 Qxd5 3. Nc3 Qd8 4. d4 Nf6 5. Bf4 c6 6. Nf3 Nd5 7. Nxd5 Qxd5 8. Qd2 Bf5 9. Be2 e6 10. 0-0 Be7 11. c4 Qd8 12. Rfe1 0-0 13. Rad1 Nd7 14. a3 Nf6 15. h3 Bd6 16. Ne5 Bxe5 17. dxe5 Ne4 18. Qe3 Qb6 19. Bd3 Qxe3 20. Rxe3 Nc5 21. Bxf5 exf5 22. b4 Ne6 23. Bh2 Rad8 24. Red3 Rxd3 25. Rxd3 Rd8 26. Rxd8+ Nxd8 27. f4 Ne6 28. Kf1 Nd4 29. a4 Nc2 30. b5 Ne3+ 31. Ke2 Nxc4 32. bxc6 bxc6 33. Bg1 Nb6 34. a5 Nc8 35. a6 Kf8 36. Kd3 Ke8 37. Kc4 Kd7 38. Bc5 Kc7 39. g4 Nb6+ 40. Kd4 Nc8 41. gxf5 Nb6 42. Bxb6+ Kxb6 43. e6 fxe6 44. fxe6 Kc7 45. f5 h6 46. h4 Kd6 47. h5 c5+ 48. Kc4 Kc6 49. e7 Kd7 50. Kxc5 Kxe7 51. Kc6 Kf6 52. Kb7 Kxf5 53. Kxa7 Kg5 54. Kb6 Kxh5 55. a7 g5 56. a8Q g4 57. Qg2 Kg5 58. Kc5 h5 59. Kd4 h4 60. Ke5 h3 61. Qg3 Kh5 62. Kf5 h2 63. Qxg4+ 1-0

[Event "Titled Tuesday intern op 4th Sept"]
[Site "Chess.com INT"]
[Date "2018.09.04"]
[Round "5"]
[White "Plunkett, Robert"]
[Black "Karas, Marek"]
[Result "0-1"]
[WhiteElo "2119"]
[BlackElo "2250"]
[PlyCount "88"]
[EventDate "2018.09.04"]
[EventType "swiss (blitz)"]
[EventRounds "10"]
[EventCountry "USA"]
[SourceTitle "EXT 2021"]
[Source "ChessBase"]
[SourceDate "2020.10.23"]
[SourceVersion "1"]
[SourceVersionDate "2020.10.23"]
[SourceQuality "1"]

1. e4 e6 2. d4 d5 3. Nc3 Nf6 4. e5 Nfd7 5. f4 c5 6. Nf3 Nc6 7. Be3 Be7 8. h4 0-0 9. Bd3 h6 10. dxc5 Bxc5 11. Bxc5 Nxc5 12. Qd2 f6 13. 0-0-0 Nxd3+ 14. Qxd3 fxe5 15. fxe5 Qc7 16. Ng5 hxg5 17. hxg5 Rf5 18. g6 Nxe5 19. Rh8+ Kxh8 20. Qh3+ Kg8 21. Qh7+ Kf8 22. Qh8+ Ke7 23. Qxg7+ Nf7 24. gxf7 Qf4+ 25. Kb1 Rxf7 26. Qh8 Qf6 27. Qh2 Qf4 28. Qh8 Rf8 29. Qg7+ Qf7 30. Qe5 Kd8 31. Qd6+ Bd7 32. Nb5 Rc8 33. Nxa7 Qf1 34. Qb6+ Ke8 35. Qd4 Rc4 36. Qd2 Rf2 37. Qc1 Qxg2 38. Rg1 Rcxc2 39. Rxg2 Rxc1+ 40. Kxc1 Rxg2 41. a4 Bxa4 42. b3 Bd7 43. b4 Ra2 44. b5 Rxa7 0-1

[Event "Titled Tuesday intern op 4th Sept"]
[Site "Chess.com INT"]
[Date "2018.09.04"]
[Round "6"]
[White "Zavortink, Matt B"]
[Black "Plunkett, Robert"]
[Result "1-0"]
[WhiteElo "2115"]
[BlackElo "2119"]
[PlyCount "75"]
[EventDate "2018.09.04"]
[EventType "swiss (blitz)"]
[EventRounds "10"]
[EventCountry "USA"]
[SourceTitle "EXT 2021"]
[Source "ChessBase"]
[SourceDate "2020.10.23"]
[SourceVersion "1"]
[SourceVersionDate "2020.10.23"]
[SourceQuality "1"]

1. d4 d5 2. Bf4 Nf6 3. e3 c5 4. c3 Nc6 5. Nd2 Qb6 6. Qb3 c4 7. Qc2 Bg4 8. b3 cxb3 9. axb3 e6 10. Bd3 Bh5 11. Ngf3 Rc8 12. Qb2 Bg6 13. Bxg6 hxg6 14. h3 Be7 15. 0-0 0-0 16. Rfb1 Rfd8 17. c4 dxc4 18. bxc4 Qxb2 19. Rxb2 b6 20. Ne5 Nxe5 21. Bxe5 a5 22. Rxb6 Bb4 23. Bxf6 gxf6 24. Nb3 Rxc4 25. Nxa5 Bxa5 26. Rxa5 Rc1+ 27. Kh2 Rc2 28. Kg3 f5 29. Rb7 f4+ 30. exf4 Rxd4 31. Raa7 Rd3+ 32. Kh4 Rxf2 33. Rxf7 Rxg2 34. Rfb7 Rd8 35. Rg7+ Kh8 36. Rge7 Rf8 37. Rh7+ Kg8 38. Rag7# 1-0

[Event "USA-ch Qualifier"]
[Site "Tulsa"]
[Date "2008.03.29"]
[Round "3"]
[White "Plunkett, Robert"]
[Black "Shankland, Samuel L"]
[Result "0-1"]
[WhiteElo "2117"]
[BlackElo "2279"]
[PlyCount "34"]
[EventDate "2008.03.28"]
[EventType "swiss"]
[EventRounds "7"]
[EventCountry "USA"]
[SourceTitle "CBM 123 Extra"]
[Source "ChessBase"]
[SourceDate "2008.05.06"]
[SourceVersion "1"]
[SourceVersionDate "2008.05.06"]
[SourceQuality "1"]

1. e4 c5 2. Nf3 d6 3. d4 cxd4 4. Nxd4 Nf6 5. Nc3 a6 6. Bc4 e6 7. Bb3 Nbd7 8. f4 Nc5 9. f5 Be7 10. Qf3 0-0 11. Be3 Qc7 12. 0-0-0 b5 13. e5 dxe5 14. Qc6 Nxb3+ 15. axb3 Qb7 16. fxe6 exd4 17. exf7+ Rxf7 0-1

[Event "North American op 26th"]
[Site "Stillwater"]
[Date "2007.09.03"]
[Round "10"]
[White "Betaneli, Aleksandr"]
[Black "Plunkett, Robert"]
[Result "1-0"]
[WhiteElo "2239"]
[BlackElo "2090"]
[PlyCount "95"]
[EventDate "2007.08.31"]
[EventType "swiss"]
[EventRounds "10"]
[EventCountry "USA"]
[SourceTitle "CBM 120 Extra"]
[Source "ChessBase"]
[SourceDate "2007.11.01"]
[SourceVersion "1"]
[SourceVersionDate "2007.11.01"]
[SourceQuality "1"]

1. d4 Nf6 2. c4 c5 3. d5 e6 4. Nc3 exd5 5. cxd5 d6 6. e4 g6 7. Nf3 Bg7 8. Be2 0-0 9. 0-0 Bg4 10. a4 Re8 11. h3 Bxf3 12. Bxf3 a6 13. Bf4 Qc7 14. Rc1 Nbd7 15. b4 b6 16. b5 a5 17. Qc2 Ne5 18. Be2 h5 19. Be3 Nh7 20. f4 Nd7 21. Bf3 f5 22. e5 dxe5 23. d6 Qxd6 24. Rcd1 Qe7 25. Bxa8 Rxa8 26. Nd5 Qf7 27. Qd2 Re8 28. Nc7 Re7 29. Qd5 Nhf6 30. Qxf7+ Kxf7 31. fxe5 Nxe5 32. Bf4 Ne4 33. Nd5 Re6 34. Bc1 Nc4 35. g4 hxg4 36. hxg4 Bd4+ 37. Kg2 Rd6 38. Nf4 g5 39. Nh3 f4 40. Rde1 Ned2 41. Nxg5+ Kg6 42. Bxd2 Nxd2 43. Ne4 f3+ 44. Kh3 Nxe4 45. Rxe4 f2 46. Kh2 Kg5 47. Rh1 Rf6 48. Rf1 1-0

[Event "Stillwater Winter op"]
[Site "Stillwater"]
[Date "2007.02.17"]
[Round "2"]
[White "Plunkett, Robert"]
[Black "Latino, Carl D"]
[Result "1-0"]
[WhiteElo "2076"]
[BlackElo "2041"]
[PlyCount "37"]
[EventDate "2007.02.17"]
[EventType "swiss"]
[EventRounds "7"]
[EventCountry "USA"]
[SourceTitle "CBM 116 Extra"]
[Source "ChessBase"]
[SourceDate "2007.03.07"]
[SourceVersion "1"]
[SourceVersionDate "2007.03.07"]
[SourceQuality "1"]

1. e4 g6 2. d4 Bg7 3. Nc3 d6 4. f4 Nf6 5. Nf3 0-0 6. Bd3 c5 7. dxc5 dxc5 8. e5 Nd5 9. Nxd5 Qxd5 10. Qe2 Nc6 11. Be4 Qd7 12. Be3 b6 13. Rd1 Qc7 14. Ng5 e6 15. h4 Bb7 16. h5 Ne7 17. hxg6 hxg6 18. Qf3 Bxe4 19. Rh8+ 1-0

[Event "Minneapolis HB Global op"]
[Site "Minneapolis"]
[Date "2005.05.18"]
[Round "1"]
[White "Plunkett, Robert"]
[Black "Moe, Win"]
[Result "0-1"]
[WhiteElo "2064"]
[BlackElo "2373"]
[PlyCount "60"]
[EventDate "2005.05.18"]
[EventType "swiss"]
[EventRounds "9"]
[EventCountry "USA"]
[SourceTitle "CBM 107"]
[Source "ChessBase"]
[SourceDate "2005.08.01"]
[SourceVersion "1"]
[SourceVersionDate "2005.08.01"]
[SourceQuality "1"]

1. e4 c6 2. d4 d5 3. Nc3 dxe4 4. Nxe4 Nd7 5. Ng5 e6 6. Bd3 Be7 7. N1f3 Ngf6 8. Ne5 Nxe5 9. dxe5 Qa5+ 10. c3 Qxe5+ 11. Be2 0-0 12. 0-0 h6 13. Nf3 Qc7 14. Qa4 e5 15. Re1 e4 16. Nd4 a6 17. Bf1 Bd6 18. g3 Bd7 19. Qc2 c5 20. Ne2 Bc6 21. Bg2 Rfe8 22. Bf4 Bxf4 23. Nxf4 g5 24. Ne2 e3 25. Qf5 Bxg2 26. f4 Be4 27. Qh3 Kg7 28. fxg5 hxg5 29. Rf1 Rh8 30. Rxf6 Rxh3 0-1